00975nam a2200169 i 4500001000700000003000700007005001700014008004100031100004500072245016600117260011500283300002100398650005400419852018300473999001900656952013000675189610SpMaBN20250627063706.0190625s1872 sp |||| | spa d1 aMalo de Molina, Manuel, d1843- 916742910aBosquejo minero de la sierra de Cartagena b: memoria premiada e impresa por la Sociedad Económica de Amigos del País de Cartagena / cManuel Malo de Molina. aCartagena : b[Sociedad Económica de Amigos del País de Cartagena] : bImp. y lit. de L. Montells, c1872. a61 p. ; c26 cm. 4aMinería-zMurcia (Comunidad Autónoma)9167076 aES-MaACLjL-32450(7) z- Enc. cart. z. - Legado Federico de Botella y de Hornos z- Enc. en un vol. facticio, con tít. en el lomo de: España, geología: memorias varias, 3 c189610d189610 001040708LIBXIXaATENEOMbATENEOMcDEPO2d2019-06-25eDONl0oL-32450(7)p1200940r2023-02-23 00:00:00w2023-02-23yMONANT